Catálogo

Vista normal Vista MARC

Entrada Personal Name

Número de registros utilizados en: 1

001 - CONTROL NUMBER

  • control field: 8423

003 - CONTROL NUMBER IDENTIFIER

  • control field: DLC

005 - DATE AND TIME OF LATEST TRANSACTION

  • control field: 20181127135906.0

008 - FIXED-LENGTH DATA ELEMENTS

  • fixed length control field: 921207n| acannaab| |n aaa ||| b

010 ## - LIBRARY OF CONGRESS CONTROL NUMBER

  • LC control number: 92805884

040 ## - CATALOGING SOURCE

  • Original cataloging agency: DNLM
  • Transcribing agency: Mx-PuUPA
  • Modifying agency: DLC
  • Modifying agency: Mx-PuUPA

100 10 - HEADING--PERSONAL NAME

  • Personal name: Viazis, Anthony D.,

373 ## - ASSOCIATED GROUP

  • Associated group: University of Minnesota Dental School
  • Associated group: American Dental Association
  • Associated group: American Association of Orthodontists
  • Associated group: International Association Dental Research
  • Associated group: World Dental Federation

374 ## - OCCUPATION

  • Occupation: Doctor of Dental Surgery
  • Occupation: Master of Science in Orthodontics

375 ## - GENDER

  • Gender: hombre

377 ## - ASSOCIATED LANGUAGE

  • Language code: spa

670 ## - SOURCE DATA FOUND

  • Source citation: His Atlas of orthodontics, c1993:
  • Information found: CIP t.p. (Anthony D. Viazis, DDS, MS, asst. prof., Dept. of Orthodontics, Baylor Coll. of Dent., Dallas, TX)

670 ## - SOURCE DATA FOUND

  • Source citation: Biblioteca del congreso (Estados Unidos), 20 noviembre 2018:
  • Information found: catálogo electrónico
  • Uniform Resource Identifier: https://goo.gl/2pTPSt

670 ## - SOURCE DATA FOUND

  • Source citation: Atlas de ortodoncia : principios y aplicaciones clínicas, 1995:
  • Information found: portada (Anthony D. Viazis)

678 ## - BIOGRAPHICAL OR HISTORICAL DATA

  • Biographical or historical data: Assistant professor, University of Minnesota, Minneapolis, 1989-1990; assistant professor, Baylor College of Dentistry, Dallas, 1990-1994; associate professor, University of Southern California, Los Angeles, 1994-1995; visiting professor, Bauru U., Sao Paulo, since 1995. Adjunct associate professor of University Southern California, since 1996.